000
00359nam a2200181Ia 4500
100
_a
Furber/Steve
650
_a
ARM
250
_a
2
942
_c
BK
366
_f
23
654
_a
ARM
245
_a
ARM system-on-chip architecture
260
_b
Pearson
_c
2000
082
_a
4.21
_b
FUR
300
_a
429
546
_a
ENGLISH
_c
PAMPHALETS
999
_c
31939
_d
31939